[Event "Budapest Hunguest Hotels"]
[Site "Budapest"]
[Date "2003.04.20"]
[Round "9"]
[White "Leko, Peter"]
[Black "Movsesian, Sergei"]
[Result "1-0"]
[WhiteElo "2746"]
[BlackElo "2659"]
[Annotator "Ftacnik,L"]
[PlyCount "89"]
[EventDate "2003.04.11"]
[EventType "tourn"]
[EventRounds "9"]
[EventCountry "HUN"]
[EventCategory "17"]
[SourceTitle "CBM 095"]
[Source "ChessBase"]
[SourceDate "2003.07.25"]
[SourceVersion "1"]
[SourceVersionDate "2003.07.25"]
[SourceQuality "1"]

1. e4 c5 2. Nf3 d6 3. d4 cxd4 4. Nxd4 Nf6 5. Nc3 e6 6. Be3 a6 7. f3 b5 8. g4 h6
9. Qd2 b4 10. Na4 Nbd7 11. O-O-O Qa5 12. b3 d5 $6 {Very unfortunate move since
black will have to lose tempo with the developed knight.} (12... Bb7 $1 $13)
13. e5 $1 Ng8 (13... Nxe5 14. Nxe6 $1 (14. Nc6 Qc7 15. Nxe5 Qxe5 16. Bd4 Qd6
$15) 14... Nxf3 (14... fxe6 15. Bb6 Nxf3 16. Qf4 $16) 15. Qg2 Bxe6 (15... Nh4
16. Qg3 Bxe6 17. Bb6 $18) 16. Bb6 Qxa4 17. bxa4 Ng5 18. Bd4 $16) 14. f4 Qc7 (
14... Bb7 15. Bd3 Rc8 16. h4 Nc5 17. Nxc5 Bxc5 18. Kb1 Ne7 $14) 15. Kb1 g5 $2 {
Movsesian is toying with fire, since his pieces are grossly underdeveloped for
such action.} (15... Bb7 16. h4 $14) 16. f5 $1 Nxe5 (16... Qxe5 17. Nxe6 $1
fxe6 18. Bd4 $16) 17. fxe6 fxe6 (17... Bxe6 18. h4 (18. Nxe6 fxe6 19. Qe2 Bg7
20. Nc5 $36) 18... Bxg4 19. Re1 Nf6 20. hxg5 Ne4 21. Qh2 Bd6 22. Bf4 $40) 18.
h4 gxh4 (18... Nxg4 19. hxg5 e5 20. Nb5 $1 Qc6 (20... axb5 21. Bxb5+ Bd7 22.
Qxd5 Qxc2+ 23. Ka1 $1 (23. Kxc2 Nxe3+ 24. Kb2 Nxd5 25. Bxd7+ Kxd7 26. Nb6+ Ke6
27. Nxa8 Bc5 $19)) (20... Qb7 21. Nb6 Rb8 22. Nxc8 Rxc8 23. Bh3 $16) 21. Na7
Qe6 22. Nxc8 Rxc8 23. Bh3 $16) 19. g5 $1 hxg5 (19... Bd7 20. Bh3 (20. Rxh4 Ng6
21. Rh5 e5 22. Bd3 N8e7 $13) 20... Qd6 21. Nxe6 Bxe6 22. Bc5 Qc7 23. Bxe6 Bxc5
24. Bxg8 $40) 20. Bxg5 Nf7 (20... Be7 21. Re1 Rh5 22. Rg1 $40) 21. Bh3 e5 (
21... Nxg5 22. Qxg5 Qg7 23. Qe3 Qg3 24. Qe2 $40) 22. Ne6 Bxe6 (22... Qd6 $2 23.
Qxd5 Qxd5 24. Nc7#) (22... Qb7 23. Qxd5 Bd6 24. Qc4 Qb5 25. Qg4 $16) 23. Bxe6
d4 $6 (23... Nxg5 24. Qxg5 Qg7 25. Qd2 Nf6 26. Bxd5 Rc8 27. Be6 Rb8 28. Rhe1
$40) 24. Rdf1 Rh7 (24... Nxg5 25. Qxg5 Qg7 26. Bf7+ Kd7 27. Qf5+ Kc7 28. Rhg1
$18) 25. Rxh4 $6 {Leko is less impressive in positions where he has to lash
out for a direct attack. Much better was 25.Qd3!} (25. Qd3 $1 Nxg5 (25... Rg7
26. Bxf7+ Rxf7 27. Qg6 Rc8 28. Qe6+ Re7 29. Qxg8 $18) 26. Qg6+ Rf7 (26... Ke7
27. Qxg5+ Kxe6 28. Qxg8+ Rf7 29. Qg6+ $18) 27. Bxf7+ Nxf7 28. Qe6+ Ne7 29.
Qxf7+ Kd7 30. Rf6 $18) 25... Rg7 (25... Rxh4 26. Bxf7+ Qxf7 27. Rxf7 Rh1+ 28.
Kb2 Kxf7 29. Qg2 Rh5 30. Qf3+ Kg6 31. Qxa8 $18) (25... Nxg5 26. Qxg5 Rxh4 27.
Qg6+ Ke7 28. Rf7+ $18) 26. Bxf7+ Rxf7 27. Re1 Ne7 (27... Be7 28. Bxe7 Rxe7 29.
Rg4 $1 O-O-O 30. Rg6 e4 31. Qg5 $18) 28. Bxe7 Rxe7 (28... Bxe7 29. Rh8+ Rf8 (
29... Bf8 30. Qxd4 Rd8 31. Qxb4 $18) 30. Rxf8+ Bxf8 31. Qg5 $18) 29. Qxb4 Rc8
30. Qd2 Qc6 {Despite all the efforts black's position remains very difficult.}
(30... Bg7 31. Qd3 Kd8 32. Rg4 $16) 31. Qd3 Bg7 32. Rg4 Rcc7 (32... Kd8 33. Rg6
Bf6 34. Qf5 Re6 35. c3 dxc3 36. Nxc3 Ke7 (36... Qxc3 37. Rg8+ Ke7 38. Qh7+ Kd6
39. Rd1+ $18) 37. Rf1 $18) 33. Rg6 Qd5 (33... Qb7 34. Rb6 e4 35. Qg3 Qc8 36.
Rxe4 Rxe4 37. Qg6+ $16) 34. Nb6 Qc5 (34... Qb5 35. Qe4 $18) 35. Qe4 d3 (35...
Rb7 36. Rc6 Qb5 37. Rc8+ Kf7 38. Qf5+ Bf6 39. Rh1 $18) 36. Qxd3 $6 {Very
positional and very dull, since white could have mated his opponent with a
simple serie of checks.} (36. Qa8+ $1 Kf7 (36... Rc8 37. Qxc8+ Qxc8 38. Nxc8
dxc2+ 39. Kxc2 Rc7+ 40. Kd3 Kf7 41. Reg1 $18) 37. Rf1+ Kxg6 38. Qe4+ Kh6 39.
Rh1+ Kg5 40. Qg2+ Kf5 41. Rf1+ Ke6 42. Qg6+ Bf6 43. Rxf6#) 36... Qf2 (36... e4
$5 37. Qc4 $1 (37. Rxe4 Rxe4 38. Qxe4+ Re7 39. Qa8+ Kf7 40. Rxg7+ Kxg7 41. Qg2+
Kh6 $14) 37... Qf2 38. Qg8+ Bf8 39. Rc1 $18) 37. Rf1 Qc5 38. Nc4 Qd4 (38... e4
39. Nd6+ $18) 39. Qxd4 exd4 40. Rxa6 d3 41. cxd3 Re2 42. Ra8+ Ke7 43. Rg8 Bc3
44. Rgf8 Ke6 45. R8f2 1-0

[Event "FRA-chT Top 16 GpB"]
[Site "Port Barcares"]
[Date "2005.05.05"]
[Round "9"]
[White "Shirov, Alexei"]
[Black "Guliyev, Namig"]
[Result "1/2-1/2"]
[WhiteElo "2714"]
[BlackElo "2526"]
[Annotator "Ftacnik,L"]
[PlyCount "84"]
[EventDate "2005.05.04"]
[EventType "team"]
[EventRounds "11"]
[EventCountry "FRA"]
[SourceTitle "CBM 107"]
[Source "ChessBase"]
[SourceDate "2005.08.01"]
[SourceVersion "1"]
[SourceVersionDate "2005.08.01"]
[SourceQuality "1"]

1. e4 c5 2. Nf3 d6 3. d4 cxd4 4. Nxd4 Nf6 5. Nc3 a6 6. Be3 e6 7. f3 b5 8. Qd2
Nbd7 9. g4 h6 10. O-O-O Ne5 11. a3 Bb7 12. h4 (12. Kb1 Rc8 13. Be2 Nfd7 14. f4
Nc4 15. Bxc4 Rxc4 16. Rhe1 Be7 17. Bf2 O-O 18. h4 Nc5 19. g5 h5 20. b3 Rxc3 21.
Qxc3 Nxe4 {0-1 Grischuk,A-Belov,V/playchess.com INT 2004/ (54)}) 12... Rc8 13.
Rg1 Qa5 {Both sides are prepared to harm each other's king, the line is very
sharp.} (13... Nfd7 14. g5 hxg5 15. hxg5 Nb6 16. g6 Nbc4 17. gxf7+ Kd7 (17...
Kxf7 18. Bxc4 Nxc4 19. Qg2 Qf6 20. Bg5 Qg6 21. Qf2 Qh5 22. f4 {1-0 Panarin,
M-Belov,V/ChessAssistantClub INT 2004/ (35)}) 18. Qe1 Qh4 19. Qxh4 Rxh4 20. Bf2
Rh7 21. f4 Nxf7 22. Rg3 {1-0 Kovalev,A-Agrest,E/Passau 1994/ (30)}) (13... g6
14. g5 hxg5 15. hxg5 Nfd7 16. f4 Nc4 17. Bxc4 Rxc4 18. f5 (18. Rh1 Rxh1 19.
Rxh1 Nc5 20. Rh8 Nxe4 21. Nxe4 Bxe4 22. Qh2 {1/2-1/2 Perez,R-Ortiz,I/Santa
Clara 2005/ (34)}) 18... Nc5 19. fxe6 Nxe6 20. Nxe6 fxe6 21. Bd4 Rh5 22. Be5
Rc6 23. Bf6 {1-0 Bologan,V-Dobrov,V/chessassistantclub.com INT 2004/ (30)}) 14.
g5 hxg5 (14... Nfd7 15. f4 Nc4 16. Bxc4 Rxc4 17. gxh6 gxh6 18. f5 $14) 15. hxg5
Nfd7 16. g6 $5 {Undermining the f7 pawn (and thus also e6 pawn) belongs to the
main ideas for white.} Nxg6 (16... Rxc3 17. Qxc3 Qxc3 18. gxf7+ Kxf7 19. bxc3
d5 20. f4 Bxa3+ 21. Kb1 Nc4 22. Bxc4 bxc4 23. f5 $14) 17. Nxe6 (17. Rxg6 b4 18.
Na2 fxg6 19. Nxe6 Qh5 20. Nxb4 Qxf3 21. Nxa6 $16) 17... fxe6 18. Rxg6 Kf7 (
18... Rxc3 19. Bd4 b4 20. Bxg7 Rxa3 21. bxa3 Bxg7 22. Rxg7 Qxa3+ 23. Kb1 b3 24.
c3 $14) 19. Rg3 Nf6 (19... Rxc3 20. Qxc3 Qxc3 21. bxc3 d5 22. a4 $1 bxa4 23. c4
$16) 20. Bd3 (20. Kb1 Rxc3 21. Qxc3 Qxc3 22. bxc3 d5 23. exd5 Nxd5 24. Bd4 $14)
20... e5 (20... Rxc3 21. bxc3 Qxa3+ 22. Kb1 d5 23. e5 Nd7 24. Bd4 $16) 21. Qf2
{Shirov naturally saw Rxc3 coming and he had some problems to decide about the
best way to meet it.} (21. Qe1 Rxc3 22. Bd2 b4 23. bxc3 Qxa3+ 24. Kb1 b3 25.
Bc4+ Bd5 $1 $19) (21. Rg5 Rxc3 22. Qxc3 Qxc3 23. bxc3 Rh3 24. Rf1 d5 $13) 21...
Rxc3 22. Bb6 (22. bxc3 Qxa3+ 23. Kd2 d5 $15) 22... Qa4 23. bxc3 Qxa3+ 24. Kd2 (
24. Kb1 Qxc3 $13) 24... b4 $1 {[%mdl 2048] Gouliev correctly opens acces to
the white's king and actively seeks counterplay for the sacrificed exchange.} (
24... d5 25. Rdg1 Nh5 $15) 25. cxb4 Qxb4+ 26. c3 Qb2+ (26... Qa4 27. Rb1 $16)
27. Bc2 Bc6 28. Rb1 Qa2 29. Ke3 $6 {Shirov badly wants to win, but this
unnatural move is very dangerous. Suddenly black pieces will get the chance of
springing to life.} (29. Rg2 d5 30. Qg3 $13) 29... d5 30. Qd2 g6 $1 31. Kf2 (
31. Qe2 Bb5 32. Rxb5 axb5 33. Kf2 Qc4 34. Qxc4 dxc4 $17) 31... Ba4 32. Rc1 Rh2+
33. Rg2 Bh6 $6 {White got lucky, as this seemingly winning move enables him to
escape with the perpetual.} (33... Rxg2+ 34. Kxg2 Ba3 35. Ra1 Qxa1 36. Bxa4
dxe4 37. Bb3+ Kg7 38. fxe4 Qb2 $17) 34. Be3 (34. Qe2 Rxg2+ 35. Kxg2 Bxc1 $19)
34... Rxg2+ 35. Kxg2 Bxe3 36. Qxe3 Bxc2 37. Qa7+ Kg8 38. Qb8+ Kg7 39. Qc7+ Kh6
40. Rh1+ (40. Qxe5 Bxe4+ 41. Kg1 Qd2 $19) 40... Nh5 41. Rxh5+ $1 {The key move,
black pieces are far away and can not prevent checking of his monarch.} gxh5 (
41... Kxh5 42. Qxe5+ g5 43. Qe8+ Kh6 44. Qe6+ $11) 42. Qd6+ Kh7 (42... Kg5 43.
Qxe5+ Kg6 44. Qe6+ $11) 1/2-1/2

[Event "Kharkov Rector Cup 3rd"]
[Site "Kharkov"]
[Date "2001.04.22"]
[Round "6"]
[White "Ponomariov, Ruslan"]
[Black "Pelletier, Yannick"]
[Result "1-0"]
[WhiteElo "2673"]
[BlackElo "2531"]
[Annotator "Ftacnik,L"]
[PlyCount "59"]
[EventDate "2001.04.18"]
[EventType "tourn"]
[EventRounds "10"]
[EventCountry "UKR"]
[EventCategory "13"]
[SourceTitle "CBM 083"]
[Source "ChessBase"]
[SourceDate "2001.07.05"]
[SourceVersion "1"]
[SourceVersionDate "2001.07.05"]
[SourceQuality "1"]

1. e4 c5 2. Nf3 d6 3. d4 cxd4 4. Nxd4 Nf6 5. Nc3 a6 6. Be3 e6 7. f3 b5 8. g4
Nfd7 9. Qd2 Nb6 10. O-O-O N8d7 11. Nb3 $5 $146 {[%mdl 8] Ponomariov comes up
with an early novelty in a very modern variation. The knight prevents bihop's
development to b7, but leaves excellent central square.} (11. Qf2 Bb7 12. Bd3
Rc8 13. Nce2 Be7 (13... Nc5 14. Kb1 Nba4 15. b3 (15. h4 Qc7 16. Rc1 d5 17. e5
Qxe5 18. f4 Qd6 19. g5 Be7 20. h5 f5 {0-1 Grischuk,A-Kasparov,G/Cannes/2001/ 
(39)}) 15... Nxd3 16. cxd3 Nc5 17. Ng3 Be7 18. Qb2 b4 19. Nh5 Rg8 20. Ne2 g6 {
0-1 Polgar,J-Kasparov,G/Cannes/2001/ (50)}) 14. Kb1 Na4 15. h4 Ndc5 16. g5 O-O
17. Qg3 Qc7 18. Rd2 Rfe8 19. h5 Bf8 20. g6 fxg6 21. hxg6 h6 22. Qh2 {1-0
Grischuk,A-Georgiev,K/Mulhouse/2001/ (43)}) 11... b4 12. Nb1 (12. Ne2 $6 Nc4
13. Qd4 Nxe3 14. Qxe3 Bb7 $15) 12... a5 13. Bg5 $1 (13. Bb5 Be7 14. Nd4 Qc7 $13
) 13... f6 (13... Qc7 14. Nd4 d5 15. Nb5 Qb7 16. exd5 Nxd5 17. Bc4 N7b6 18.
Bxd5 Nxd5 19. Qe2 $40) 14. Nd4 Ne5 (14... fxg5 15. Nxe6 Qf6 16. Nc7+ Ke7 17.
Nxa8 Nxa8 18. Qd5 Qxf3 19. Qxa8 Qxh1 20. h3 $14) 15. Bb5+ Kf7 (15... Bd7 16.
Nxe6 Qc8 17. Bxd7+ Qxd7 18. Nxf8 Rxf8 19. Be3 $14) 16. Bh4 Qc7 {The bishop on
c8 has to defend central pawn e6, that have lost his support from f7 neighbour.
} (16... Bb7 17. f4 Nxg4 18. Qe2 Nh6 19. f5 $16) 17. f4 Nec4 (17... Nxg4 18.
Rhg1 $40) 18. Qe2 e5 19. Nf5 (19. fxe5 dxe5 20. Nf5 g6) 19... exf4 20. g5 Ne5
21. gxf6 g6 22. Nd2 (22. Ne7 Bg4 $17) 22... a4 (22... gxf5 $2 23. Qh5+ Ng6 (
23... Ke6 $2 24. exf5+ Kd5 25. Nb3+ $18) 24. exf5 (24. Bd3 Qc5 25. exf5 $18)
24... Bxf5 25. Qxf5 Nxh4 26. Qh5+ Ng6 27. Bd3 Rc8 28. Rhg1 $18) 23. Kb1 a3 24.
Nf3 Nxf3 (24... gxf5 $2 25. Nxe5+ dxe5 26. Qh5+ $18) 25. Qxf3 axb2 26. Rxd6 $5
{[%mdl 512] This shocking move is an indirect sign, that white is not very
happy with his achievements. Accepting the sacrifice is very dangerous, but
the great combination is probably incorrect.} (26. Nd4 Qc3 27. Qxc3 bxc3 28.
Rhf1 Bh6 29. Rd3 g5 30. Be1 Rxa2 31. Rxc3 (31. Kxa2 Be6+ 32. Nb3 (32. Kb1 Ba2+
$3 33. Kxa2 Ra8+) 32... Bxb3+ 33. cxb3 Ra8+ 34. Ba4 Nxa4 35. Kb1 Nc5 36. Rxc3
$17) 31... Ra8 $15) 26... Qxd6 $2 (26... Bxd6 $1 27. Qb3+ Kf8 (27... Be6 28.
Nh6+ Kf8 29. Qxe6 Rc8 30. Bc6 $1 $16) 28. Bg5 (28. Nxd6 Qxd6 29. Be1 Qe6 30.
Bxb4+ Kf7 31. Rf1 g5 $19) 28... Bd7 29. e5 (29. Bh6+ Ke8 30. f7+ Kd8 31. Qxb2
Be5 32. Qxb4 Bxb5 $19) 29... gxf5 30. Rg1 Qc5 31. Bh6+ Ke8 32. Rg8+ Rxg8 33.
f7+ Ke7 34. fxg8=Q Rxg8 35. Qxg8 Bxb5 36. e6 Nd7 37. Bg5+ Nf6 38. Qf7+ Kd8 $17)
27. Nxd6+ Bxd6 28. e5 $1 Be6 (28... Bxe5 29. Bc4+ Nxc4 30. Qd5+ Ke8 31. Qxc4
$18) 29. Qb7+ Nd7 30. Bc4 (30. Bc4 Rhd8 (30... Bxc4 31. Qxd7+ Kf8 32. e6 $18)
31. Bxe6+ Kxe6 32. exd6 $18) 1-0

[Event "Ciocaltea Memorial"]
[Site "Bucharest"]
[Date "2003.03.06"]
[Round "3"]
[White "Firman, Nazar"]
[Black "Burnoiu, Nicolae Costel"]
[Result "1-0"]
[WhiteElo "2496"]
[BlackElo "2414"]
[Annotator "Ftacnik,L"]
[PlyCount "59"]
[EventDate "2003.03.04"]
[EventType "tourn"]
[EventRounds "13"]
[EventCountry "ROU"]
[EventCategory "9"]
[SourceTitle "CBM 094"]
[Source "ChessBase"]
[SourceDate "2003.05.26"]
[SourceVersion "1"]
[SourceVersionDate "2003.05.26"]
[SourceQuality "1"]

1. e4 c5 2. Nf3 d6 3. d4 cxd4 4. Nxd4 Nf6 5. Nc3 a6 6. Be3 e6 7. f3 b5 8. Qd2
Nbd7 9. g4 h6 10. O-O-O Bb7 11. Bd3 Ne5 12. Rhe1 b4 13. Nce2 d5 14. exd5 Nxd5
15. Nf4 Qa5 16. Nb3 $1 {Great improvement over the older 16.Kb1, white pieces
will get a chance to prove their might in the center.} Qxa2 17. Be4 Rd8 (17...
Nc3 $1 18. bxc3 Bxe4 19. fxe4 Rc8 20. c4 Be7 (20... Qa3+ $5 21. Kb1 Qa4 $11)
21. c5 a5 22. Qd4 O-O 23. Nh5 f6 24. Qa1 Qxa1+ 25. Nxa1 a4 26. Nf4 Kf7 27. Nd3
Nxd3+ 28. Rxd3 Bxc5 29. Bxc5 Rxc5 30. Rd7+ Kg6 {0-1 Firman,N-Najer,E/St
Petersburg 2002/ (47)}) 18. Nxd5 Bxd5 (18... exd5 19. Bb6 $18) 19. Bxd5 (19.
Bf4 Be7 (19... Nc4 20. Qd4 Be7 21. Bxd5 $18) 20. Bxe5 Bxe4 21. Qe3 Bd5 22. Bxg7
$13) 19... Rxd5 20. Qe2 Rxd1+ 21. Rxd1 Be7 22. f4 Ng6 $2 {Black is
underestimating the danger in the position, with a queen locked out on a2 and
the king in the center extreme caution was called for.} (22... Nc6 23. Qc4 Qa4
24. Kd2 O-O 25. Ke2 Nb8 26. g5 Qc6 $15) 23. f5 $1 Bf6 $6 (23... Ne5 24. Bf4 Nc6
25. Qe4 Qa4 26. fxe6 O-O 27. Bd6 $14) (23... Nh4 24. fxe6 O-O 25. Rd7 Ng6 26.
g5 $1 hxg5 27. Bd4 $14) 24. Bd4 (24. fxg6 Qxb2+ 25. Kd2 Qc3+ 26. Kc1 Qb2+ $11)
24... Bg5+ (24... Bxd4 25. Rxd4 Ne7 26. fxe6 O-O 27. exf7+ Rxf7 28. Rd8+ Kh7
29. Rd7 $18) 25. Rd2 $1 {[%mdl 128] This exchange sacrifice decides the game,
since black will not have enough time to consolidate his defense.} Ne7 (25...
Bxd2+ 26. Kxd2 Ne7 27. Qe5) 26. Qe5 Bxd2+ 27. Kxd2 Kd7 28. Qxg7 Re8 29. Qxf7
Qb1 30. Nc5+ 1-0

[Event "Olympiad-34"]
[Site "Istanbul"]
[Date "2000.11.06"]
[Round "9.2"]
[White "Svidler, Peter"]
[Black "Georgiev, Kiril"]
[Result "0-1"]
[WhiteElo "2689"]
[BlackElo "2661"]
[Annotator "Ftacnik,L"]
[PlyCount "62"]
[EventDate "2000.10.28"]
[EventType "team-swiss"]
[EventRounds "14"]
[EventCountry "TUR"]
[SourceTitle "EXT 2001"]
[Source "ChessBase"]
[SourceDate "2000.11.22"]
[SourceVersion "1"]
[SourceVersionDate "2000.11.22"]
[SourceQuality "1"]
[WhiteTeam "Russia"]
[BlackTeam "Bulgaria"]
[WhiteTeamCountry "RUS"]
[BlackTeamCountry "BUL"]

1. e4 c5 2. Nf3 d6 3. d4 cxd4 4. Nxd4 Nf6 5. Nc3 a6 6. Be3 e6 7. f3 b5 8. g4
Nfd7 9. Qd2 Nb6 10. O-O-O N8d7 11. Bg5 Qc7 12. Kb1 Bb7 (12... b4 $5 13. Nce2 h6
14. Bh4 Nc4 15. Qe1 $13) 13. Ndxb5 (13. Bd3 Ne5 $13) 13... axb5 14. Nxb5 Qc5 (
14... Qc6 15. Nxd6+ Bxd6 16. Qxd6 $44) 15. b4 $6 {This seemingly aggressive
move will have serious consequences, much better was 15.Be3.} (15. Be3 $5 Qc6 (
15... Nc4 16. Bxc5 Nxd2+ 17. Rxd2 Nxc5 18. Nc7+ Kd7 19. Nxa8 Bxa8 20. b4 $16)
16. Nxd6+ Bxd6 17. Qxd6 $13) (15. Nxd6+ $2 Bxd6 16. Qxd6 Qxg5 $19) 15... Qc6
16. Nxd6+ Bxd6 17. Qxd6 Qxd6 18. Rxd6 Na4 19. Kc1 (19. Bd2 Ke7 20. Rd4 Ne5 $15)
19... Bc8 (19... Nc3 20. Kb2 Nxa2 $2 21. Bb5 $1 Bc8 22. Rhd1 $18) 20. Bb5 Nc3
21. Bxd7+ (21. Bc6 Rxa2 22. Kd2 Na4 23. Rb1 h6 $17) 21... Bxd7 22. Kb2 Rc8 (
22... Nxa2 $2 23. Ra1 $16) 23. Bd2 (23. Rc1 h5 $1 (23... Bb5 24. Bd2 Ke7 25. e5
Na4+ 26. Kb3 Rc4 $15) 24. Rd3 Na4+ 25. Kb3 hxg4 26. fxg4 Rxh2 27. Rxd7 (27.
Rcd1 Nb6 $19) 27... Kxd7 28. Kxa4 Rhxc2 $17) 23... Na4+ 24. Kb3 Bb5 25. Rd4 $2
{Svidler will be surprised, that his centralized rook can get trapped.} (25.
Rc1 Bc4+ $1 26. Ka3 Ra8 27. Ra1 h5 $15) 25... Nb6 26. Rc1 (26. e5 Ba4+ 27. Ka3
Bxc2 $17) 26... e5 $1 27. Rd6 Bc4+ (27... Ba4+ $1 28. Ka3 Nc4+ 29. Kxa4 Nxd6
$19) 28. Kb2 Na4+ 29. Ka3 (29. Kb1 Ke7 $19) 29... Ke7 30. Rd5 Bxd5 31. exd5 Nc3
0-1

[Event "Cappelle op 24th"]
[Site "Cappelle la Grande"]
[Date "2008.02.21"]
[Round "7"]
[White "Tissir, Mohamed"]
[Black "Sandipan, Chanda"]
[Result "1/2-1/2"]
[WhiteElo "2428"]
[BlackElo "2593"]
[Annotator "Ftacnik,L"]
[PlyCount "84"]
[EventDate "2008.02.16"]
[EventType "swiss"]
[EventRounds "9"]
[EventCountry "FRA"]
[SourceTitle "CBM 122 Extra"]
[Source "ChessBase"]
[SourceDate "2008.03.04"]
[SourceVersion "1"]
[SourceVersionDate "2008.03.04"]
[SourceQuality "1"]

1. e4 c5 2. Nf3 e6 3. d4 cxd4 4. Nxd4 Nf6 5. Nc3 d6 6. Be3 a6 7. f3 b5 8. Qd2
Nbd7 9. g4 b4 10. Nce2 Ne5 11. Ng3 h6 12. h4 d5 {The counterattack in the
centre seems to be the best reaction to White's speedy advance on the kingside.
} (12... Qc7 13. O-O-O Rb8 14. Kb1 Nfd7 15. Qe2 Nc5 16. f4 Nc6 17. Bg2 a5 18.
e5 d5 19. Nxc6 Qxc6 20. f5 $14 {0-1 Pinol Fulgoni,F (2257)-Tukmakov,V (2559)/
Lausanne 2005 (26)}) 13. g5 hxg5 14. hxg5 Rxh1 15. Nxh1 Ng8 {Sandipan probably
felt, that with this modest retreat the knight achieves parity with his
counterpart on h1.} (15... Nxf3+ $6 16. Nxf3 Nxe4 17. Qg2 (17. Qh2 Qa5 18. Kd1
Bb7 19. Nf2 $14) 17... Bb7 18. g6 f6 19. Qh3 Qd7 20. O-O-O O-O-O 21. Nf2 $16 {
1-0 Zawadzka,J (2381)-Muhren,B (2260)/Istanbul 2005 (27)}) (15... Bc5 16. Be2
Nh5 17. O-O-O $14) 16. exd5 (16. O-O-O dxe4 17. fxe4 Ne7 18. Ng3 $14) 16...
Qxd5 17. O-O-O (17. f4 Nc4 18. Bg2 Nxd2 19. Bxd5 exd5 20. Kxd2 Ne7 21. Nf2 $14)
17... Bb7 $1 (17... Qxa2 $5 18. Nb3 Bb7 19. f4 Bd5 20. fxe5 Rc8 21. Ng3 Ne7 (
21... Qxb3 22. Bxa6 Qa4 23. Qd3 $14) 22. Ne4 Nf5 $13) 18. f4 $6 {Tissir is
right in his ambition to storm the underdeveloped black position.
Unfortunatelly his pieces also need a bit more coordination, so he had to
accept equality.} (18. Kb1 Ne7 19. Nf2 Nf5 $11) 18... Ng4 (18... Qxh1 $2 19.
fxe5 Qd5 20. g6 fxg6 21. Bh3 $18) 19. Bg1 (19. Nf2 Nxe3 20. Qxe3 Bc5 $15) 19...
Rd8 (19... Qxh1 $2 20. Nxe6 Qc6 21. Nd8 $18) 20. Qe2 (20. Bd3 Bd6 (20... Qxh1
$2 21. Nxe6 $1 $18) (20... Qxa2 21. Nb3 Be7 22. Bb6 $13) 21. Kb1 Qxh1 22. Nxe6
fxe6 23. Bb6 Qd5 $15) 20... Qxa2 21. Nb3 {The necessity for the knight retreat
shows, that Black was more successful in the early middlegame.} (21. Qxg4 Qa1+
22. Kd2 Qxb2 $17) 21... Rxd1+ 22. Qxd1 Bxh1 23. Qxg4 Bd5 $6 {Moving the only
developed piece is hardly the best idea.} (23... Bd6 $1 24. Bd3 Bd5 25. f5 exf5
26. Qxf5 Ne7 $15) 24. Bg2 Bxb3 $2 {Sandipan clearly sees red and forgets about
his naked king and undeveloped kingside.} (24... Ne7 25. Bxd5 Nxd5 26. g6 f5
27. Qe2 Nxf4 28. Qe5 Nxg6 29. Qxe6+ Ne7 30. Bc5 $11) 25. Bc6+ Kd8 (25... Ke7
26. Bc5+ Kd8 27. Bb6+ Kc8 28. cxb3 $18) 26. Bb6+ Kc8 27. cxb3 Qxb3 (27... Ne7
28. Qf3 Qa1+ 29. Kc2 Qe1 30. Bc5 $18) 28. f5 $2 {[%mdl 8192] It is a bit
unbelievable, but both players seem to have missed the fine idea 28.Qe2!
immediately finishing the fight.} (28. Qe2 $1 Qa2 29. Qd3 $18) 28... Bd6 29.
Qe2 Qa2 30. Qd3 Ne7 31. Qxd6 Qc4+ 32. Kb1 Qf1+ 33. Ka2 Qc4+ 34. Kb1 Qf1+ 35.
Ka2 Qc4+ 36. Kb1 Qxc6 {The last attempt to complicate matters, but the
position is equal.} 37. Qxe7 Qxb6 38. g6 (38. Qxf7 b3 39. Qg8+ Kd7 40. Qf7+ Kc8
$11) 38... fxg6 39. fxe6 Qd4 40. Qf8+ Kc7 41. Qf7+ Kb6 42. e7 Qd1+ 1/2-1/2